000 00275nam a22001217a 4500
008 171201b xxu||||| |||| 00| 0 eng d
041 _aeng
080 _a32
100 _a16
101 _aSHP
245 _aANTICIPATIONS OF THE GENERAL THEORY
_cPATINKIN, D
942 _2udc
_cBK
999 _c38703
_d38703